000 00457nam a22001697a 4500
005 20250214154144.0
008 250214b |||||||| |||| 00| 0 eng d
020 _a9788131761755
082 _a621.317
_bSTA-N
100 _aStallings, William
245 _aNetwork Security Essentials:
_cWilliam Stallings
260 _aUSA:
_bPEARSON;
_c2013.
300 _axiv,416 p. :
_bill;
_c24 cm.
500 _ainclude index.
650 _aSecurity
999 _c36854
_d36854